Simpsons Season 1 Quiz Stats

 Plays Quiz not verified by Sporcle

Score 0/13 Timer 10:00
0 Plays Today
Hint Episode % Correct
Bart gets revenge on local bully Nelson MuntzBart the General
81.3%
Bart switches a test with Martin PrinceBart the Genius
75%
Santa's Little Helper joins the familySimpsons Roasting on an Open Fire
68.8%
Bart decapitates the statue of the town founderThe Telltale Head
68.8%
Marge tries bowling and is smitten by a local instructorLife on the Fast Lane
68.8%
Bart goes to France and meets two evil winemakersThe Crepes of Wrath
68.8%
Homer gets fired and becomes a safety crusaderHomer's Odyssey
62.5%
Our favorite family misbehaves at a company picnic and seeks professional therapyThere's No Disgrace Like Home
62.5%
Lisa becomes depressed and meets Bleeding Gums MurphyMoaning Lisa
62.5%
Our favorite family goes campingThe Call of the Simpsons
62.5%
Homer and Marge leave the kids with a criminal babysitterSome Enchanted Evening
62.5%
Bart catches Homer dancing with a belly dancerHomer's Night Out
56.3%
Krusty the Clown is impersonated by his sidekick Sideshow BobKrusty Gets Busted
56.3%

You're not logged in!

Compare scores with friends on all Sporcle quizzes.
OR
Log In

Show Comments

Extras

Top Quizzes Today


Score Distribution

Your Account Isn't Verified!

In order to create a playlist on Sporcle, you need to verify the email address you used during registration. Go to your Sporcle Settings to finish the process.

Report this User

Report this user for behavior that violates our Community Guidelines.

Details: